| 000 | 01093nam0a22002411 4500 | ||
|---|---|---|---|
| 001 | rc\2732237 | ||
| 005 | 20260407122450.0 | ||
| 035 | _a(NLR Aleph) 006859590 | ||
| 090 |
_a6833382 _c6833382 |
||
| 100 | _a20110915d1937 |||y0rusy50 ca | ||
| 101 | 0 | _arus | |
| 102 | _aRU | ||
| 105 | _ay z ||||| | ||
| 200 | 1 |
_aСборник материалов по организации работы с учителями, имеющими общее среднее образование _e(Подготовка к экстернату за курс педагог. техникума по спец. педагог. дисциплинам) |
|
| 210 |
_aИжевск _cтип. "Трибуна" _d1937 _eСарапул |
||
| 215 |
_aОбл., 15 с., без тит. л. _d20х14 см. |
||
| 712 | 0 | 2 |
_aУдмуртский республиканский институт усовершенствования учителей _cИжевск _3RU\NLR\AUTH\889958911 _9413987 |
| 801 | 0 |
_aRU _bNLR _gpsbo |
|
| 801 | 1 |
_aRU _bELAR _2rusmarc |
|
| 852 |
_aNLR _j37-10/2416 |
||
| 942 | _cBOOK | ||
| 980 | _aNB | ||